00847nam a2200181Ia 4500008004100000082001800041110003300059245009100092300006000183490005700243650015900300264006800459336002700527337003300554338002800587040003500615999001500650161108s9999 xx 000 0 und d a637.1476 H63y aHogares Juveniles Campesinos aYogurt y kumis :b preparación [videodisco digital] /c Hogares Juveniles Campesinos a1 DVD (21 minutos) :b sonido, color, digital ;c 19 cm aVideoteca del campo : granja integral autosuficiente aYogurt - Produccion - Videodiscos / Kumis - Produccion - Videocasetes / Procesamiento De Productos Lacteos - Videodiscos / Industria Lechera - Videodiscos aBogotá :b Fundación Hogares Juveniles Campesinos,c Grania atextobtxt2rdacontent asin mediaciónbn2rdamedia avolumenbnc2rdacarrier aCO-BoRNBPbspaerdacCO-BoRNBP c7538d7538